| 000 | 02028nam a22002537a 4500 | ||
|---|---|---|---|
| 999 |
_c63124 _d63124 |
||
| 003 | Ge_BSU | ||
| 005 | 20250609105124.0 | ||
| 008 | 250609s2024 ge ||||| |||| 00| 0 geo d | ||
| 020 | _a9789941476709 | ||
| 041 | _ageo | ||
| 080 | _a51(075.8) მ-15 | ||
| 245 |
_aმათემატიკა : მე-4 კლასი : _b მოსწავლის წიგნი. ნაწ. 3 / _c გურამ გოგიშვილი, თეიმურაზ ვეფხვაძე, ია მებონია, ლამარა ქურჩიშვილი ; რედაქტორი თეიმურაზ ვეფხვაძე ; მხატვარი მაკა ერისთავი ; გარეკანის დიზაინერები: გურამ გოგიშვილი, ილია ხელაია. |
||
| 264 |
_aთბილისი : _bინტელექტი, _c2018. |
||
| 300 |
_a108 გვ. : _bილ. _c28 სმ. |
||
| 500 | _aგრიფი მიენიჭა საქართველოს განათლების, მეცნიერების, კულტურისა და სპორტის სამინისტროს მიერ 2018 წლის 24 ივლისს, ბრძანება #25 | ||
| 653 | _aმათემატიკა | ||
| 700 |
_aგოგიშვილი, გურამ _eავტორი, გარეკანის დიზაინერი _925310 |
||
| 700 |
_aვეფხვაძე, თეიმურაზ _eავტორი, რედაქტორი _925311 |
||
| 700 |
_aმებონია, ია _eავტორი _925312 |
||
| 700 |
_aქურჩიშვილი, ლამარა _eავტორი _925313 |
||
| 700 |
_aერისთავი, მაკა _eმხატვარი _925303 |
||
| 700 |
_aხელაია, ილია, _eგარეკანის დიზაინერი. _925314 |
||
| 942 |
_2udc _cᲬᲘᲒᲜᲘ |
||